The biomass assessment handbook: energy for a sustainable environment (2nd edition) (Record no. 84672)

MARC details
000 -LEADER
fixed length control field 01301nam a2200253 a 4500
008 - FIXED-LENGTH DATA ELEMENTS--GENERAL INFORMATION
fixed length control field 211206s2015 ||||||||||||||||| || u
020 ## - INTERNATIONAL STANDARD BOOK NUMBER
International Standard Book Number 9781138019652
050 ## - LIBRARY OF CONGRESS CALL NUMBER
Classification number TP 339 The
100 ## - MAIN ENTRY--PERSONAL NAME
Personal name Groot, Peter de
245 14 - TITLE STATEMENT
Title The biomass assessment handbook: energy for a sustainable environment (2nd edition)
Statement of responsibility, etc. Edited by Frank Rosillo-Calle; Peter de Droot; Sarah L. Hemstock and Jeremy Woods
250 ## - EDITION STATEMENT
Edition statement 2nd edition
260 ## - PUBLICATION, DISTRIBUTION, ETC.
Place of publication, distribution, etc. New York
Name of publisher, distributor, etc. Routledge
Date of publication, distribution, etc. 2015
300 ## - PHYSICAL DESCRIPTION
Extent xvii, 318 pages: illustrations
350 ## -
-- 70.13
650 ## - SUBJECT ADDED ENTRY--TOPICAL TERM
Topical term or geographic name entry element BIOMASS--MEASUREMENT
650 ## - SUBJECT ADDED ENTRY--TOPICAL TERM
Topical term or geographic name entry element TECHNOLOGY AND ENGINEERING/ POWER RESOURCES--GENERAL
650 ## - SUBJECT ADDED ENTRY--TOPICAL TERM
Topical term or geographic name entry element TECHNOLOGY AND ENGINEERING/ POWER RESOURCES/ALTERNATIVE AND RENEWABLE
700 ## - ADDED ENTRY--PERSONAL NAME
Personal name Hemstock, Sarah L
700 ## - ADDED ENTRY--PERSONAL NAME
Personal name Rosillo-Calle, Frank
700 ## - ADDED ENTRY--PERSONAL NAME
Personal name Woods, Jeremy
995 ## -
-- MAIN LIBRARY OPEN ACCESS
-- 751551
-- CBU-MAIN LIBRARY (Kitwe)
-- 70.13
-- TP 339 The
-- AVAILABLE
-- Dec 7, 2021
-- 751551
-- Main Library Open Access Collection
995 ## -
-- MAIN LIBRARY OPEN ACCESS
-- 751553
-- CBU-MAIN LIBRARY (Kitwe)
-- 70.13
-- TP 339 The
-- AVAILABLE
-- Dec 7, 2021
-- 751553
-- Main Library Open Access Collection
995 ## -
-- MAIN LIBRARY OPEN ACCESS
-- 751552
-- CBU-MAIN LIBRARY (Kitwe)
-- 70.13
-- TP 339 The
-- AVAILABLE
-- Dec 7, 2021
-- 751552
-- Main Library Open Access Collection
999 ## -
-- 84672
-- 84672

No items available.